000 00348nam a2200133Ia 4500
008 240624s9999 xx 000 0 und d
041 _aeng
082 _a384.0954 DES
100 _aDESAI ASHOK V
245 _aINDIA S TELECOMMUNICATIONS INDUSTRY HIST
260 _c2006
_aNew Delhi
_bSage Publications
300 _a293 : p. : cm. ; 22
365 _cRS
999 _c5622
_d5622